000
00279 a2200121 4500
999
_c
322961
_d
322961
001
87888
003
NUST
082
_a
891.551 JAL
100
_a
Jalal ud Din Roomi
_9
9740
245
_a
Hakiat e Roomi
260
_a
Lahore
_b
Jhan e Ilm o Adb
_c
2010
300
_a
288p
942
_a
CAE NUST
_c
BK
_k
891.551 JAL
_2
ddc